000 01087nam2a22002531 4500
001 rc\161548
005 20250612172253.0
010 _a5-85417-019-1
_951000
035 _a(NLR Aleph) 008750521
090 _a7804494
_c7804494
100 _a20030307d1995 |||y0rusy50 ca
101 0 _arus
102 _aRU
105 _aa |||||||||
200 1 _aВек распутства
_f[Худож. Ю.Н. Петрунин]
210 _d1995
_aБ. м.
215 _a331, [1] с.
_cил.
300 _aИзд. также под загл.: Истории любви в истории Франции; Любовные истории в истории Франции
461 0 _1001rc\161543
_12001#$aЖенщины и короли$e[Пер. с фр.]$fГи Бретон$vТ. 5
_1700#1$aБретон$bГ.$gГи
_99542094
_aБретон, Г. (1919-2008)
_cМ.
_d1992-
_fГи Бретон
_nИКК "Пересвет"
_o[Пер. с фр.]
_tЖенщины и короли
_y5854170027
_vТ. 5
801 0 _aRU
_bNLR
_gpsbo
801 1 _aRU
_bELAR
_2rusmarc
852 _aNLR
_j92-3/7104
942 _cBOOK
980 _aNB